Click the Synonym - Statistics

General Stats
  • This quiz has been taken 63 times
  • The average score is 12 of 18
Answer Stats
Hint Answer % Correct
Annul Cancel
84%
Statutory Legal
84%
Candy Confection
82%
Lazy Indolent
80%
Celebration Jollification
78%
Eccentric Weird
78%
Amplilfy Raise
76%
Supersede Replace
76%
Barbarous Vicious
76%
Trinket Bagatelle
73%
Hot Torrid
71%
Bloom Effloresce
69%
Outrageous Egregious
69%
Chide Scold
67%
Grand Sumptuous
59%
Progress Amelioration
45%
Veracious Accurate
39%
Criticize Fulminate
27%
No matching quizzes found
Score Distribution
Percent of People with Each Score
Percentile by Number Answered
Your Score History
You have not taken this quiz